| LEADER | 00897nam a2200277ua 4500 | ||
|---|---|---|---|
| 001 | 007718319-3 | ||
| 005 | 20024617120653.0 | ||
| 008 | 921026s1966 ja 000 0 jpn d | ||
| 035 | 0 | |a ocm27080553 | |
| 040 | |a NN |c NN |d *YNH* |d CStRLIN | ||
| 100 | 1 | |6 880-01 |a Yanagita, Kunio, |d 1875-1962. | |
| 245 | 1 | 0 | |6 880-02 |a Josei to minkan denshō/ |c Yanagita Kunio. |
| 250 | |6 880-03 |a Shohan. | ||
| 260 | |6 880-04 |a Tōkyō : |b Kadokawa Shoten, |c Shōwa 41 [1966] | ||
| 300 | |a 190 p. ; |c 16 cm. | ||
| 490 | 0 | |6 880-05 |a Kadokawa bunko ; |v 2361 | |
| 500 | |a In Japanese. | ||
| 650 | 0 | |a Women |v Folklore. | |
| 650 | 0 | |a Folklore |z Japan. | |
| 880 | 1 | |6 100-01 |a 柳田国男, |d 1875-1962. | |
| 880 | 1 | 0 | |6 245-02 |a 女性と民間伝承 / |c 柳田国男. |
| 880 | |6 250-03 |a 初版. | ||
| 880 | |6 260-04 |a 東京 : |b 角川書店, |c 昭和 41 [1966] | ||
| 880 | 0 | |6 490-05 |a 角川文庫 ; |v 2361 | |
| 988 | |a 20021217 | ||
| 906 | |0 OCLC | ||


